000 00438nam a2200181Ia 4500
001 10495
005 20260306161836.0
008 260306t2008||||xx |||||||||||||| ||spa||
041 _aESP
082 _a938
_bL22
100 _aLane Fox, Robin
_eAUT
245 0 _aEl mundo clásico:
_bla epopeya de Grecia y Roma
260 _c2008
300 _a825 páginas :
_c23 cm.
650 _aGEN
654 _aCHU
942 _cLIB
_dJUS
_fJUS
_2ddc
_n
999 _c10495
_d10495